000 00432nam a2200181Ia 4500
001 4166
005 20260306145735.0
008 260306t2001||||xx |||||||||||||| ||spa||
041 _aESP
082 _a307.72
_bG59
100 _aGolte, Jürgen,
_eAUT
245 0 _aCultura, racionalidad y migración andina
260 _c2001
300 _a144 páginas :
_c20 cm.
650 _aGEN
654 _aCHU
942 _cLIB
_dJUS
_fJUS
_2ddc
_n
999 _c4166
_d4166